000 03456nam a22003977a 4500
001 BRCA_8569
002 s/no.
003 FranzMayer
005 20260507110012.0
006 a||||fr|||| 000 0
007 tz
008 251006s1622 -naa|||f f||| 000 0 dut d
040 _aBMFM
_bspa
041 0 _adut
050 0 _aND1290
_b.D87 1622
100 1 _aDürer, Albrecht
_d(1471-1528)
_948
_4autor
245 1 0 _aBeschryvinghe van de Albrecht Durer, van de menschelijke proportion /
_cAlbrecht, Dürer
246 1 1 _aDescripción de Albrecht Dürer sobre la proporción humana
260 _aArnhem, Países Bajos:
_bJan Jansz,
_c1622
300 _a161 páginas :
_bIlustraciones y diagramas xilográficos ;
_c31.2 x 21.5 x 4.2 cm
520 3 _aEdición holandesa de uno de los libros de la obra: "Vier Bücher von menschlicher Proportion" (Cuatro libros de proporciones humanas) del artista Albrecht Dürer, también concido en español como Alberto Durero.
_bInspirado en los tratados estéticos de Vitruvio; Villard de Honnecourt; Alberti y Leonardo da Vinci, en este libro Dürer analiza las proporciones del cuerpo humano según distintos tipos físicos. Su relevancia radica en que fue uno de los primeros artistas en abordar la antropometría comparativa y diferencial, demostrando, según reglas matemáticas, cómo varían las proporciones en cuerpos de distintas características y edades (niños, adultos, personas delgadas, corpulentas, entre otros).
563 _aOtras referencias físicas: Encuadernación entera en pergamino. El papel del cuerpo del libro está formado por pulpa de trapo, hecho a mano, con marcas de verjurado. El cuerpo del libro está formado por cuadernillos unidos mediante costura alternada sobre cuatro soportes de costura sencillos y elevados, de piel alumada. Las prolongaciones se usaron para unir el cuerpo a la cartera. El cuerpo presenta escartivanas a las que se adhirieron y cosieron láminas desplegables. Lomera recta con endoses de tela en los cinco paneles. En los paneles de cabeza y pie (uno y cinco) endoses de papel. Cabezadas tejidas con hilo azul, con almas de piel alumada y prolongaciones enlazadas a la cartera. Cantos del cuerpo refinados. Soportes de las tapas probablemente de cartón. Cartera con extensiones al frente. Rótulo manuscrito en el lomo. Texto impreso. La tipografía en las dos últimas páginas es distinta al resto
591 _aEstado de Conservación: Bueno
591 _bDescripción de conservación: Libro con intervenciones: hojas de guarda repuestas, hojas reforzadas, portada laminada. Presenta manchas y suciedad leve (especialmente en primeras y últimas hojas), algunas roturas y faltantes en las hojas, foxing, oxidación del papel, cabezadas desprendidas del cuerpo
592 _aMarcas Adicionales: Ilustraciones y diagramas xilográficos. Monograma de Albrecht Dürer en la portada. Letras iniciales xilografías
593 _aTratados, compendios y manuales
600 1 0 _aDürer, Albrecht
_d1471-1528
_xWorks on proportions
_930066
650 1 0 _aAnatomy, Artistic
_930067
650 1 0 _aHuman figure in art
_yEarly works to 1800
_930068
650 1 0 _aProportion (Art)
_yEarly works to 1800
_930069
700 1 _eeditor
_aJansz, Jan
_930070
856 4 1 _qTIFF//PDF
_uhttps://bibliotecadigital.franzmayer.org.mx/items/602014b3-a8a6-46ee-ab01-ae1c6ef3e086
_yBiblioteca Digital Franz Mayer
902 _aKH
_aTV
_aFM
942 _2lcc
_cB
960 _aCS-L3-N2
999 _c11094
_d11094